00441nam a2200145 a 450000100100000000500170001000800410002704000250006808200180009310000190011124500550013026000340018530000270021970000490024600004432420201002045308.0140613s2004 dr a 000 0 spa d aDO-SdBNPbspacBNPHU axxxxxxbxxxxx1 aAleth, Kirsten13aLa historia sin fin de la basura /cKirsten Aleth. aSanto Domingo :bCEDECO,c19? a28 p. :bil. ;c27 cm.1 aCentro Dominicano de Educación Ecológica